000 00602nam a22001935i 4500
001 162006
003 ES-MaACL
005 20230906212414.0
008 041027s1868 fr |||| | fre d
040 _aCAM
_bspa
_cCAM
100 1 _aPeyrat, Alphonse.
_9131080
245 1 0 _aHistoire élémentaire et critique de Jésus /
_cpar A. Peyrat.
250 _a4e éd.
260 _aParis :
_bMichel Lévy Frères, libraires éditeurs,
_c1868.
300 _aXIV, 351 p. ;
_c22 cm.
600 1 4 _aJesucristo-
_xInterpretaciones.
_9223580
852 _aES-MaACL
_jG-8301
_z-- Enc. hol.
999 _c162006
_d162006